000 00953pam a2200313 a 4500
001 4038
003 BD-RjUL
005 20211208233825.0
008 131221r19861985enk b 001 0 eng
020 _a0442306156 (pbk.)
035 _a(BD-RjUL)4072
040 _aDLC
_cDLC
_dDLC
_dBD-RjUL
_beng
041 _aeng
082 0 0 _a339.41
_219
_bLEI
100 1 _aLee, T. A.
_q(Thomas Alexander)
_912848
245 1 0 _aIncome and value measurement :
_btheory and practice /
_cT.A. Lee.
250 _a3rd ed.
260 _aWokingham, Berkshire, England :
_bVan Nostrand Reinhold,
_c1985.{reprinted 1986]
300 _aix, 185 p. ;
_c22 cm.
500 _aIncludes index.
504 _aBibliography: p. [175]-180.
650 0 _aIncome accounting.
_912850
650 0 _aIncome.
_912851
650 0 _aValue.
_95835
942 _2ddc
_cBK
999 _c4038
_d4038